| 000 | 00714cam a22002533a 4500 | ||
|---|---|---|---|
| 001 | 19788 | ||
| 003 | PGUSA | ||
| 005 | 20140828083423.0 | ||
| 008 | 061115s2006||||xxu|||||s|||||000 1 eng d | ||
| 040 |
_aPGUSA _beng |
||
| 042 | _adc | ||
| 050 | 4 | _aPZ | |
| 100 | 1 |
_aDenslow, W. W. _q(William Wallace), _d1856-1915 |
|
| 245 | 1 | 0 |
_aDenslow's Three Bears _h[electronic resource] / _cW. W. Denslow |
| 260 |
_bProject Gutenberg, _c2006 |
||
| 506 | _aPublic domain in the USA. | ||
| 516 | _aElectronic text | ||
| 653 | _aChildren's stories | ||
| 653 | _aFairy tales | ||
| 653 | _aBears -- Juvenile fiction | ||
| 830 | 0 |
_aProject Gutenberg _v19788 |
|
| 856 | 4 | 0 | _uhttp://www.gutenberg.org/ebooks/19788 |
| 942 | _cEB | ||
| 999 |
_c249043 _d249043 |
||